| 000 | 00546nam a22001697a 4500 | ||
|---|---|---|---|
| 005 | 20250223200529.0 | ||
| 008 | 250223b |||||||| |||| 00| 0 eng d | ||
| 020 | _a9781608311514 | ||
| 050 |
_aRM125 _b.N83 |
||
| 100 | _aAschenbrenner, Diane S. | ||
| 245 |
_aDrug Therapy in Nursing/ _cDiane S. Aschenbrenner & Samantha J. Venable |
||
| 250 | _aed. 4 | ||
| 260 |
_aPhiladelphia _bWolters Kluwer/Lippincott Williams & Wilkins _c2012 |
||
| 300 |
_axvii. 1346p. _bill. some color _c28cm |
||
| 700 | _aVenable, Samantha J. | ||
| 942 |
_2lcc _cBK _eed. 4 _n0 |
||
| 999 |
_c4242 _d4242 |
||